000 00854nmm a2200277 a 4500
001 ocm0002347933
003 TR-IsHL
005 20201028185409.0
008 190816s2018 tu tur
007 cr cn
020 _a9786059038423
035 _a2347933
_b(N$T)
050 0 4 _aB4872
_b.K39 2018
090 0 4 _aB4872
_b.K39 2018
100 1 _aKaya, Bayram
245 1 0 _aFelsefe Tarihi
_h[electronic resource] /
_cBayram Kaya
250 _aBirinci Baskı
260 _aİstanbul :
_bCeylan Yayınları,
_c2018
300 _a638 p.
650 4 _aFelsefe, Psikoloji ve Din
650 4 _aPhilosophy, Psychology and Religion
650 0 _aFelsefe, Türk
650 0 _aPhilosophy, Turkish
650 7 _aPHILOSOPHY / General
_2bisacsh
856 4 0 _uhttp://search.ebscohost.com/login.aspx?direct=true&scope=site&db=e011xww&AN=2347933
999 _c21446
_d21446